| Tag |
First Indicator |
Second Indicator |
Subfields |
| LEADER |
00000ctm a2200000Ia 4500 |
| 001 |
in00000023606 |
| 005 |
20220104090753.0 |
| 008 |
880726s1987 xx a bm 000 0 eng d |
| 035 |
|
|
|9 AAB4520AM
|
| 035 |
|
|
|a (OCoLC)18268723
|
| 035 |
|
|
|a (OCoLC)ocm18268723
|
| 040 |
|
|
|a TXA
|b eng
|c TXA
|d OCLCQ
|d OCLCF
|d OCLCQ
|d UMI
|d OCLCO
|d TXA
|
| 043 |
|
|
|a n-us---
|
| 049 |
|
|
|a TXAM
|
| 099 |
|
|
|a 1987
|a Dissertation
|a B162
|
| 100 |
1 |
|
|a Bain, Craig Edgar.
|
| 245 |
1 |
0 |
|a Experts' perceptions of substantial authority.
|
| 264 |
|
1 |
|c 1987.
|
| 300 |
|
|
|a viii, 120 leaves :
|b illustrations ;
|c 29 cm
|
| 336 |
|
|
|a text
|b txt
|2 rdacontent
|
| 337 |
|
|
|a unmediated
|b n
|2 rdamedia
|
| 338 |
|
|
|a volume
|b nc
|2 rdacarrier
|
| 500 |
|
|
|a Typescript (photocopy).
|
| 500 |
|
|
|a Vita.
|
| 502 |
|
|
|b Ph. D. in Accounting
|c Texas A & M University
|d 1987
|
| 504 |
|
|
|a Includes bibliographical references (leaves 94-95).
|
| 520 |
3 |
|
|a The substantial understatement penalty dramatically changed the rules of the tax "lottery", and significantly altered the role of CPAs in the tax return preparation process. One way to avoid this penalty is to prove that substantial authority exists for the position taken on the tax return. Because it is relatively new, substantial authority has no judicial or official administrative interpretation. The main objective of this study was to explore the underlying dimensions used in making a substantial authority determination. As substantial authority has not been defined, this study was an initial effort at constructing an operational definition of substantial authority. The multidimensional scaling analysis in this dissertation suggests that certain authorities are perceived to possess certain distinct characteristics. The subjects clearly perceived some authorities as providing greater authority both quantitatively and qualitatively than others.
|
| 650 |
|
0 |
|a Income tax
|z United States
|x Accounting.
|
| 650 |
|
0 |
|a Tax auditing
|z United States.
|
| 650 |
|
0 |
|a Tax penalties
|z United States.
|
| 650 |
|
4 |
|a Major accounting.
|
| 655 |
|
7 |
|a Academic theses
|2 lcgft
|
| 700 |
1 |
|
|a Grossman, Steven D.,
|e degree supervisor.
|
| 700 |
1 |
|
|a Jenkins, Omer C.,
|e degree committee member.
|
| 700 |
1 |
|
|a Kilpatrick, Bob G.,
|e degree committee member.
|
| 700 |
1 |
|
|a Strawser, Robert H.,
|e degree committee member.
|
| 710 |
2 |
|
|a Texas A & M University,
|e degree granting institution.
|
| 856 |
4 |
1 |
|u http://proxy.library.tamu.edu/login?url=http://proquest.umi.com/pqdweb?did=752323061&sid=1&Fmt=2&clientId=2945&RQT=309&VName=PQD
|z Link to ProQuest copy
|t 0
|
| 856 |
4 |
1 |
|u https://hdl.handle.net/1969.1/DISSERTATIONS-27935
|z Link to OAKTrust copy
|t 0
|
| 994 |
|
|
|a C0
|b TXA
|
| 999 |
f |
f |
|s 7769081e-bac6-33b2-8e51-881dc0d9edd8
|i 6d641544-cd5a-3b36-9f07-f24fd6db6643
|t 0
|
| 952 |
f |
f |
|p noncirc
|a Texas A&M University
|b J.J. Pickle Campus
|c High Density Repository
|s HDR
|d Remote Storage
|t 0
|e 1987 Dissertation B162
|h Other scheme
|i unmediated -- volume
|m A14839623866
|
| 952 |
f |
f |
|a Texas A&M University
|b College Station
|c Electronic Resources
|s www_evans
|d Available Online
|t 0
|e 1987 Dissertation B162
|h Other scheme
|
| 998 |
f |
f |
|a 1987 Dissertation B162
|t 0
|l Available Online
|
| 998 |
f |
f |
|a 1987 Dissertation B162
|t 0
|l Remote Storage
|